[Event "Politiken Cup 2011"]
[Site "Helsingor"]
[Date "2011.08.02"]
[Round "5.94"]
[White "Johnsen, Oystein"]
[Black "Skjoldager, Mikael"]
[Result "0-1"]
[WhiteElo "1724"]
[BlackElo "1998"]
[PlyCount "120"]
[EventDate "2011.??.??"]
[WhiteTeam "Tonsberg"]
[BlackTeam "Evans"]

1. d4 Nf6 2. Nc3 d5 3. Bg5 Bf5 4. f3 Bg6 5. Bxf6 exf6 6. e4 Bb4 7. a3 Bxc3+ 8.
bxc3 dxe4 9. fxe4 Bxe4 10. Nf3 O-O 11. Bc4 Nd7 12. O-O c6 13. Bd3 f5 14. Qd2
Rc8 15. Qf4 Nf6 16. Rae1 c5 17. Kh1 Qa5 18. c4 Qxa3 19. Bxe4 fxe4 20. Ng5 h6
21. Nxe4 Nxe4 22. Rxe4 cxd4 23. Rxd4 Rc6 24. Qd2 Qa6 25. Qd3 Rf6 26. Rd1 Qc6
27. Qe2 Re8 28. Qd2 Rfe6 29. Rg4 Re2 30. Qc3 g6 31. h3 Qe6 32. Rd5 Re1+ 33. Kh2
Qb6 34. c5 Qb1 35. Rf5 Rh1+ 36. Kg3 Qe1+ 37. Qxe1 Rhxe1 38. Rf2 R1e5 39. Ra4
Ra8 40. Rb4 Re7 41. Rd2 Rc8 42. Rd5 Rc6 43. Ra4 a6 44. Rb4 Rec7 45. Rc4 Rc8 46.
Rb4 R8c7 47. Rc4 a5 48. Kf3 Rc8 49. Ra4 Rxc5 50. Rxa5 Rxa5 51. Rxa5 Rxc2 52.
Rb5 Rc7 53. Rb4 Kf8 54. h4 Ke7 55. g4 Kd6 56. Rb6+ Kc5 57. Rf6 b5 58. h5 b4 59.
hxg6 fxg6 60. Rxg6 Rc6 0-1

[Event "Politiken Cup 2011"]
[Site "Helsingor"]
[Date "2011.08.02"]
[Round "5.75"]
[White "Jacobsen, Per"]
[Black "Petersen, Tom"]
[Result "1/2-1/2"]
[WhiteElo "1670"]
[BlackElo "1997"]
[PlyCount "59"]
[EventDate "2011.??.??"]
[WhiteTeam "Ålborg"]
[BlackTeam "Silkeborg"]

1. b3 e6 2. Bb2 d5 3. e3 Nf6 4. Nf3 c5 5. Bb5+ Bd7 6. Bxd7+ Nbxd7 7. O-O Bd6 8.
h3 h6 9. d4 O-O 10. Nbd2 b6 11. Rc1 Rc8 12. c4 Re8 13. cxd5 exd5 14. dxc5 bxc5
15. Nh4 Be5 16. Ba3 Qa5 17. Nb1 Nb6 18. Nf5 Kh7 19. Qc2 g6 20. Nh4 c4 21. Nf3
Bb8 22. Bb2 Nfd7 23. Bc3 Qc5 24. b4 Qc6 25. Nd4 Qd6 26. Nf3 Qe6 27. Nd4 Qe5 28.
Nf3 Qh5 29. Rfd1 Re6 30. Rd4 1/2-1/2

[Event "Politiken Cup 2011"]
[Site "Helsingor"]
[Date "2011.08.02"]
[Round "5.95"]
[White "Sorensen, Dick"]
[Black "Sjol, Henrik"]
[Result "1-0"]
[WhiteElo "1993"]
[BlackElo "1880"]
[PlyCount "51"]
[EventDate "2011.??.??"]
[WhiteTeam "Taastrup"]
[BlackTeam "Akademisk"]

1. d4 Nf6 2. c4 e6 3. Nf3 b6 4. g3 Bb7 5. Bg2 Be7 6. Nc3 O-O 7. Qc2 d5 8. cxd5
Nxd5 9. e4 Nxc3 10. bxc3 c5 11. O-O cxd4 12. Nxd4 Nc6 13. Rd1 Nxd4 14. cxd4 Rc8
15. Qa4 Bc6 16. Qb3 Qd7 17. a4 Bb7 18. Be3 Rc7 19. a5 b5 20. a6 Bc8 21. d5 exd5
22. Rxd5 Qe6 23. Qxb5 Bd7 24. Qa5 Bd6 25. Rxd6 Qxd6 26. Bf4 1-0

[Event "Politiken Cup 2011"]
[Site "Helsingor"]
[Date "2011.08.02"]
[Round "5.32"]
[White "Diaz, Linda"]
[Black "Molvig, Julius"]
[Result "1-0"]
[WhiteElo "1988"]
[BlackElo "1842"]
[PlyCount "75"]
[EventDate "2011.??.??"]
[WhiteTeam "Marshall"]
[BlackTeam "Roskilde"]

1. e4 c5 2. Nf3 e6 3. d4 cxd4 4. Nxd4 a6 5. c4 Nf6 6. Nc3 Qc7 7. a3 Be7 8. Be3
O-O 9. Be2 d6 10. g4 Nfd7 11. h4 Ne5 12. g5 Nxc4 13. Bxc4 Qxc4 14. Rc1 Qc7 15.
Nd5 Qa5+ 16. Bd2 Qd8 17. Rxc8 Qd7 18. Nb6 Rxc8 19. Nxd7 Nxd7 20. h5 Rc5 21. g6
Nf6 22. gxf7+ Kxf7 23. Qb3 Re5 24. f3 d5 25. Bf4 Rxh5 26. Rxh5 Nxh5 27. Nxe6
Bh4+ 28. Ke2 Kxe6 29. Qxd5+ Kf6 30. Qxh5 g5 31. Qh6+ Kf7 32. Qxh7+ Ke6 33. Qg6+
Ke7 34. Bxg5+ Bxg5 35. Qxg5+ Kd6 36. Qf6+ Kc7 37. Qe7+ Kc6 38. e5 1-0

[Event "Politiken Cup 2011"]
[Site "Helsingor"]
[Date "2011.08.02"]
[Round "5.102"]
[White "Svendsen, Peter"]
[Black "Hald, Morten Hansen"]
[Result "1-0"]
[WhiteElo "1987"]
[BlackElo "1829"]
[PlyCount "41"]
[EventDate "2011.??.??"]
[WhiteTeam "Hillerød"]
[BlackTeam "Køge"]

1. d4 d6 2. c4 Nf6 3. Nc3 c6 4. e4 Bg4 5. f3 Bh5 6. Be3 Nbd7 7. Nge2 e6 8. Qd2
a6 9. g4 Bg6 10. h4 h5 11. g5 Ng8 12. O-O-O b5 13. Nf4 b4 14. Nce2 Bh7 15. g6
Bxg6 16. Nxg6 fxg6 17. Nf4 Ne7 18. Nxe6 Qa5 19. Kb1 Nf6 20. Bf4 Nf5 21. exf5
1-0

[Event "Politiken Cup 2011"]
[Site "Helsingor"]
[Date "2011.08.02"]
[Round "5.103"]
[White "Jensen, Soren Holm"]
[Black "Nielsen, Leo"]
[Result "1-0"]
[WhiteElo "1984"]
[BlackElo "1775"]
[PlyCount "77"]
[EventDate "2011.??.??"]
[WhiteTeam "Brønshøj"]
[BlackTeam "Helsingør"]

1. e4 c5 2. Nf3 Nc6 3. d4 cxd4 4. Nxd4 e5 5. Nb5 a6 6. Nd6+ Bxd6 7. Qxd6 Qf6 8.
Qd1 b5 9. Nc3 Nge7 10. a3 O-O 11. g3 Nd4 12. Bg2 Bb7 13. O-O Rad8 14. f4 d5 15.
Nxd5 Nxd5 16. exd5 Qb6 17. Be3 Bxd5 18. Bxd5 Rxd5 19. c3 Qe6 20. cxd4 exd4 21.
Bf2 d3 22. Qd2 h5 23. h4 Rc8 24. Rac1 Rc4 25. Rc3 Rxc3 26. bxc3 Qg4 27. Kg2 Qf5
28. Re1 Qg4 29. Bd4 Qf5 30. Re3 Qd7 31. Qxd3 Qc6 32. Qe4 Qc4 33. Qd3 Qc6 34.
Kf2 Qd7 35. Qe4 Kf8 36. Qh7 f6 37. Qe4 a5 38. Qe6 b4 39. Bc5+ 1-0

[Event "Politiken Cup 2011"]
[Site "Helsingor"]
[Date "2011.08.02"]
[Round "5.96"]
[White "Rasmussen, Lars"]
[Black "Christophersen, David"]
[Result "1/2-1/2"]
[WhiteElo "1981"]
[BlackElo "1777"]
[PlyCount "34"]
[EventDate "2011.??.??"]
[WhiteTeam "Åbyhøj"]
[BlackTeam "Allerød"]

1. e4 d6 2. d4 Nf6 3. Nc3 g6 4. Nf3 Bg7 5. Be3 Bg4 6. Be2 Nbd7 7. h3 Bxf3 8.
Bxf3 c6 9. Qd2 e5 10. O-O-O Nb6 11. Bh6 Nc4 12. Qg5 Qb6 13. b3 Bxh6 14. Qxh6
exd4 15. Na4 Qa5 16. Rxd4 Qe5 17. Rxc4 Qa1+ 1/2-1/2

[Event "Politiken Cup 2011"]
[Site "Helsingor"]
[Date "2011.08.02"]
[Round "5.104"]
[White "Rosell, Sven"]
[Black "Maechel, Michael"]
[Result "1/2-1/2"]
[WhiteElo "1979"]
[BlackElo "1756"]
[PlyCount "98"]
[EventDate "2011.??.??"]
[WhiteTeam "LASK"]
[BlackTeam "Helsingør"]

1. c4 e5 2. Nc3 Nf6 3. Nf3 Nc6 4. d4 exd4 5. Nxd4 Nxd4 6. Qxd4 Be7 7. e3 O-O 8.
Be2 Re8 9. O-O c6 10. b3 d5 11. Rd1 Be6 12. Bb2 Qc7 13. cxd5 cxd5 14. Rac1 Bc5
15. Qh4 Qe7 16. Nb5 Ne4 17. Qxe7 Rxe7 18. Nd4 Bxd4 19. Bxd4 a6 20. h3 Rae8 21.
Bb2 Rd7 22. Bf3 Ng5 23. Be2 Ne4 24. Rd4 f5 25. Bd3 Rf7 26. f3 Nf6 27. Kf2 Rc8
28. Rxc8+ Bxc8 29. Bb1 Rc7 30. Rd1 Be6 31. Bxf6 gxf6 32. Bd3 b5 33. Ke1 h5 34.
Kd2 Rg7 35. Bf1 Rc7 36. Rc1 Rxc1 37. Kxc1 h4 38. Kd2 Kf8 39. Kc3 Ke7 40. Kb4
Kd6 41. Ka5 Bc8 42. Kb6 f4 43. exf4 b4 44. Bd3 a5 45. Bc2 Bd7 46. Bd3 Bc8 47.
Kb5 Bd7+ 48. Kb6 Bc8 49. Bc2 Bd7 1/2-1/2

[Event "Politiken Cup 2011"]
[Site "Helsingor"]
[Date "2011.08.02"]
[Round "5.97"]
[White "Overas, Vegard"]
[Black "Bauder, Herbert"]
[Result "1/2-1/2"]
[WhiteElo "1561"]
[BlackElo "1971"]
[PlyCount "40"]
[EventDate "2011.??.??"]
[BlackTeam "SG Lasker-Stieglitz Berlin"]

1. d4 Nf6 2. Nf3 g6 3. c4 Bg7 4. Nc3 d6 5. e3 O-O 6. Bd3 Nbd7 7. O-O e5 8. Qc2
c6 9. b3 Re8 10. Ba3 Qe7 11. Nd2 Nf8 12. Rad1 exd4 13. exd4 Ne6 14. Rfe1 Qd8
15. Nf3 d5 16. cxd5 cxd5 17. Nb5 Bf8 18. Bxf8 Rxf8 19. Qb2 a6 20. Nc3 Nf4
1/2-1/2

[Event "Politiken Cup 2011"]
[Site "Helsingor"]
[Date "2011.08.02"]
[Round "5.105"]
[White "Andersen, Daniel"]
[Black "Pedersen, Carl Aage"]
[Result "0-1"]
[WhiteElo "1963"]
[BlackElo "1752"]
[PlyCount "58"]
[EventDate "2011.??.??"]
[WhiteTeam "Frederiksund"]
[BlackTeam "Gladsaxe"]

1. c4 Nf6 2. Nc3 g6 3. e4 e5 4. Nge2 Bg7 5. d4 exd4 6. Nxd4 c6 7. Be2 d6 8. Bf3
O-O 9. O-O Nbd7 10. h3 Re8 11. Re1 Nb6 12. Qd3 d5 13. c5 dxe4 14. Nxe4 Nxe4 15.
Rxe4 Rxe4 16. Qxe4 Bxd4 17. cxb6 Bf5 18. Qe2 Qxb6 19. Bg4 Bxg4 20. hxg4 Qc5 21.
Bh6 Qe5 22. Qd2 Re8 23. Bf4 Qe4 24. Rd1 c5 25. b4 b6 26. bxc5 bxc5 27. Kf1 Bc3
28. Qe3 Qc4+ 29. Qd3 Qxd3+ 0-1

[Event "Politiken Cup 2011"]
[Site "Helsingor"]
[Date "2011.08.02"]
[Round "5.106"]
[White "Knudsen, Jes West"]
[Black "Kyrkjebo, Eirik"]
[Result "1-0"]
[WhiteElo "1960"]
[BlackElo "1747"]
[PlyCount "29"]
[EventDate "2011.??.??"]
[WhiteTeam "Allerød"]
[BlackTeam "Stavanger"]

1. e4 d5 2. exd5 Qxd5 3. Nc3 Qa5 4. Nf3 Bf5 5. Bc4 e6 6. O-O Nf6 7. Re1 Bc5 8.
d4 Bb4 9. Re5 Qb6 10. Rb5 Qd6 11. Rxb7 a5 12. Nb5 Qc6 13. Rxc7 Qa6 14. Nc3 Qd6
15. Rc8+ 1-0

[Event "Politiken Cup 2011"]
[Site "Helsingor"]
[Date "2011.08.02"]
[Round "5.121"]
[White "Larsen, Poul M"]
[Black "Jacobsen, Fredrik Beer"]
[Result "1/2-1/2"]
[WhiteElo "1653"]
[BlackElo "1956"]
[PlyCount "145"]
[EventDate "2011.??.??"]
[WhiteTeam "Haslev"]
[BlackTeam "Stavanger"]

1. Nf3 Nf6 2. c4 g6 3. Nc3 Bg7 4. d4 O-O 5. g3 d6 6. Bg2 Nbd7 7. Qc2 e5 8. dxe5
dxe5 9. e4 c6 10. O-O Qc7 11. b3 a6 12. Ba3 Re8 13. Rad1 Bf8 14. Bxf8 Kxf8 15.
Rd2 Rb8 16. Rfd1 b5 17. Qd3 Nc5 18. Qe3 Qb6 19. b4 Ncxe4 20. c5 Nxc5 21. bxc5
Qc7 22. Rd6 Ng4 23. Qd2 Kg7 24. h3 Nf6 25. Ng5 b4 26. Nce4 Nd5 27. g4 h6 28.
Nf3 f5 29. gxf5 Bxf5 30. Nh4 Be6 31. Ng3 Nc3 32. Re1 Qe7 33. Nf3 Bd5 34. Rxe5
Qf7 35. Rxe8 Rxe8 36. Qd4+ Kh7 37. Qf6 Qxf6 38. Rxf6 Nxa2 39. Nh4 Re6 40. Rxe6
Bxe6 41. Bxc6 b3 42. Be4 Nc3 43. Bxg6+ Kg7 44. Ne4 Ne2+ 45. Kf1 Nf4 46. Be8 b2
47. Nd2 Bc4+ 48. Ke1 Nd3+ 49. Kd1 Bb3+ 50. Ke2 Nc1+ 51. Ke3 Bc2 52. Bg6 Bxg6
53. Nxg6 Nb3 54. Nb1 Kxg6 55. c6 Na5 56. c7 Nc4+ 57. Kd3 Nd6 58. Kc2 Kf7 59.
Kxb2 Ke7 60. Kb3 Kd7 61. Kb4 Kxc7 62. Nc3 Nf7 63. Ka5 Kd6 64. Kxa6 Ke5 65. Kb5
Ng5 66. h4 Nh3 67. Nd1 Kf4 68. Kc4 Kg4 69. Kd4 Kxh4 70. Ke4 Kg4 71. Ne3+ Kg5
72. f3 Nf2+ 73. Kd4 1/2-1/2

[Event "Politiken Cup 2011"]
[Site "Helsingor"]
[Date "2011.08.02"]
[Round "5.107"]
[White "Hess, Peter"]
[Black "Salomonson, Sixten"]
[Result "0-1"]
[WhiteElo "1948"]
[BlackElo "1742"]
[PlyCount "122"]
[EventDate "2011.??.??"]
[BlackTeam "HG Schack Helsingborg"]

1. e4 d5 2. exd5 Nf6 3. Nc3 Nxd5 4. Bc4 Nb6 5. Bb3 e6 6. Nf3 Nc6 7. a4 a5 8.
O-O Be7 9. d3 O-O 10. Bf4 Bd6 11. Qc1 e5 12. Bg3 Bg4 13. Nd2 Nd4 14. f3 Nxb3
15. Nxb3 Be6 16. Nd2 Re8 17. Nde4 f6 18. f4 Bf7 19. Nb5 Nd5 20. Nexd6 cxd6 21.
c3 Nc7 22. Nxc7 Qxc7 23. Kh1 Qc6 24. Qd2 Bd5 25. c4 Be6 26. b3 Ra6 27. d4 d5
28. fxe5 fxe5 29. Bxe5 dxc4 30. bxc4 Qd7 31. c5 Bd5 32. Bd6 Raa8 33. Rf2 Qg4
34. h3 Qxh3+ 35. Kg1 Qg4 36. Raf1 Bc4 37. Rc1 Bd5 38. Rcf1 Bc4 39. Rc1 Bd5 40.
Rf4 Re2 41. Rxg4 Rxd2 42. Rg5 Bb3 43. Rb1 Rd1+ 44. Rxd1 Bxd1 45. Be5 g6 46. d5
Bxa4 47. Rg3 Rd8 48. d6 Bc6 49. Kf2 a4 50. Bb2 b5 51. Ba3 Re8 52. Rg4 Kf7 53.
Rd4 Re4 54. Rxe4 Bxe4 55. g3 Bc6 56. Ke3 Ke6 57. Kd4 h5 58. Bc1 Kf5 59. Kc3 g5
60. Kb4 h4 61. Bxg5 h3 0-1

[Event "Politiken Cup 2011"]
[Site "Helsingor"]
[Date "2011.08.02"]
[Round "5.108"]
[White "Justinussen, Sigurd B"]
[Black "Wahlgren, Christer"]
[Result "1-0"]
[WhiteElo "1944"]
[BlackElo "1745"]
[PlyCount "65"]
[EventDate "2011.??.??"]
[BlackTeam "Eslov"]

1. e4 Nc6 2. Bc4 e5 3. d3 Nf6 4. Nf3 Bc5 5. Bg5 d6 6. Nbd2 Bg4 7. c3 a6 8. O-O
Qd7 9. b4 Bb6 10. a4 O-O 11. Bxf6 gxf6 12. Qe1 Kh8 13. Kh1 Rg8 14. Nh4 Be6 15.
f4 Bxc4 16. Nxc4 d5 17. Nxb6 cxb6 18. Qf2 dxe4 19. dxe4 Qe6 20. fxe5 Nxe5 21.
Qxf6+ Qxf6 22. Rxf6 b5 23. Rf5 Rge8 24. axb5 axb5 25. Rxa8 Rxa8 26. h3 Re8 27.
Nf3 Nxf3 28. gxf3 Rc8 29. Rc5 Rd8 30. Rxb5 Rd3 31. Kg2 Rxc3 32. Rxb7 Kg7 33. b5
1-0

[Event "Politiken Cup 2011"]
[Site "Helsingor"]
[Date "2011.08.02"]
[Round "5.109"]
[White "Krokay, Urszula"]
[Black "Jorgensen, Morten"]
[Result "1-0"]
[WhiteElo "1940"]
[BlackElo "1727"]
[PlyCount "93"]
[EventDate "2011.??.??"]
[WhiteTeam "Oksir Wiznia Mala"]
[BlackTeam "Tårnby"]

1. e4 c6 2. d4 d5 3. e5 Bf5 4. Bd3 Bxd3 5. Qxd3 e6 6. Ne2 Nd7 7. O-O Qc7 8. f4
Ne7 9. Ng3 g6 10. Nd2 Nf5 11. c3 Be7 12. Nh1 h5 13. Nf3 Qd8 14. Nf2 Qc7 15. Ng5
Nf8 16. Bd2 Nd7 17. b3 Qb6 18. Rfd1 Rc8 19. Be1 Bxg5 20. fxg5 Qd8 21. Bd2 Qb6
22. Bf4 Qd8 23. Rac1 Nb6 24. Rc2 Qd7 25. Bc1 Qd8 26. Nh3 Rc7 27. Ba3 Nc8 28.
Rcd2 Rd7 29. Qf3 Rh7 30. Qf4 Qc7 31. Nf2 b6 32. g4 Ng7 33. c4 h4 34. h3 Qd8 35.
Qe3 Rc7 36. Rc1 Qd7 37. Rf1 Qd8 38. Nd3 a5 39. Rdf2 Rd7 40. cxd5 cxd5 41. Rf6
Qc7 42. Rxg6 Ne7 43. Rh6 Ngf5 44. Rxh7 Rd8 45. gxf5 Nxf5 46. Rxf5 exf5 47. e6
1-0

[Event "Politiken Cup 2011"]
[Site "Helsingor"]
[Date "2011.08.02"]
[Round "5.110"]
[White "Zachariassen, John"]
[Black "Hansen, Anders"]
[Result "1-0"]
[WhiteElo "1936"]
[BlackElo "1721"]
[PlyCount "89"]
[EventDate "2011.??.??"]
[WhiteTeam "Enkeltmedlem"]
[BlackTeam "Harplinge"]

1. c4 c5 2. Nf3 Nc6 3. g3 Qc7 4. Nc3 e6 5. Bg2 a6 6. O-O b6 7. Rb1 Bb7 8. d3
Nf6 9. a3 Bd6 10. Bg5 Ng4 11. Ne4 f6 12. Bd2 Be7 13. Nc3 O-O 14. e4 Rad8 15.
Qe2 Nge5 16. Ne1 Nd4 17. Qd1 Ng6 18. Be3 Rf7 19. b4 d6 20. h4 Kh8 21. Ne2 e5
22. Nf3 Rdf8 23. h5 f5 24. hxg6 hxg6 25. Nfxd4 cxd4 26. Bxd4 exd4 27. Nf4 Rf6
28. c5 g5 29. Nh3 Rh6 30. cxb6 Qxb6 31. Rc1 f4 32. Qg4 Qd8 33. gxf4 Rh4 34. Qe6
gxf4 35. f3 Rf6 36. Qc4 Rf8 37. Kf2 Bc8 38. Rh1 Rh6 39. Ke2 Qe8 40. Nxf4 Rxf4
41. Rxh6+ gxh6 42. Qxc8 Rf8 43. Qxe8 Rxe8 44. f4 Bf6 45. Rc6 1-0

[Event "Politiken Cup 2011"]
[Site "Helsingor"]
[Date "2011.08.02"]
[Round "5.111"]
[White "Raab, Hendrik"]
[Black "Bratteteig, Tore-Inge"]
[Result "1-0"]
[WhiteElo "1927"]
[BlackElo "1671"]
[PlyCount "87"]
[EventDate "2011.??.??"]
[WhiteTeam "Sabt Frankfurter SV 1860"]
[BlackTeam "Masfjorden"]

1. d4 f5 2. Nf3 Nf6 3. g3 e6 4. Bg2 Be7 5. O-O O-O 6. c4 d6 7. Nc3 Qe8 8. b3
Ne4 9. Bb2 Nxc3 10. Bxc3 Bf6 11. Rc1 e5 12. dxe5 dxe5 13. Bxe5 c6 14. Bxf6 Rxf6
15. e3 Nd7 16. Qc2 Ne5 17. Rcd1 Ng4 18. Rd4 Be6 19. Rfd1 Qe7 20. Qd2 Raf8 21.
Rd8 Rxd8 22. Qxd8+ Qxd8 23. Rxd8+ Rf8 24. Rxf8+ Kxf8 25. Nd4 Bd7 26. e4 fxe4
27. Bxe4 Nf6 28. Bf5 Ke7 29. Bxd7 Nxd7 30. f4 a5 31. Kf2 Kd6 32. Ke3 g6 33. g4
Kc5 34. Ne6+ Kd6 35. Ng5 Nf6 36. Ne4+ Nxe4 37. Kxe4 b5 38. cxb5 cxb5 39. h4 h6
40. f5 a4 41. fxg6 Ke6 42. h5 Kf6 43. Kd5 axb3 44. axb3 1-0

[Event "Politiken Cup 2011"]
[Site "Helsingor"]
[Date "2011.08.02"]
[Round "5.122"]
[White "Wadtland, Flemming"]
[Black "Nielsen, Jens Holm"]
[Result "0-1"]
[WhiteElo "1605"]
[BlackElo "1920"]
[PlyCount "52"]
[EventDate "2011.??.??"]
[WhiteTeam "Taastrup"]
[BlackTeam "Amager"]

1. c4 c5 2. g3 Nc6 3. Bg2 e5 4. e3 g6 5. a3 Bg7 6. Nc3 Nge7 7. Nge2 d6 8. O-O
O-O 9. f4 Bd7 10. b3 Rb8 11. Qc2 a6 12. Rd1 Bf5 13. d3 Qd7 14. fxe5 Nxe5 15.
Be4 Bxe4 16. dxe4 Nf3+ 17. Kg2 Ng5 18. Nf4 f5 19. Bb2 fxe4 20. Rd2 Nf3 21. Re2
Ng5 22. Nxe4 Qc6 23. Bxg7 Kxg7 24. Qc3+ Kh6 25. Qe1 Qxe4+ 26. Kg1 Nf3+ 0-1

[Event "Politiken Cup 2011"]
[Site "Helsingor"]
[Date "2011.08.02"]
[Round "5.112"]
[White "Wallin, Kenneth"]
[Black "Pedersen, Lars Foldager"]
[Result "0-1"]
[WhiteElo "1710"]
[BlackElo "1916"]
[PlyCount "108"]
[EventDate "2011.??.??"]
[WhiteTeam "HASK Helsingborg"]
[BlackTeam "Frederiksberg"]

1. Nf3 Nf6 2. d4 e6 3. c4 c5 4. e3 d5 5. Nc3 Nc6 6. cxd5 exd5 7. Bb5 a6 8. Be2
Be7 9. a4 O-O 10. O-O b6 11. Ne5 Bb7 12. f4 Na5 13. Bf3 c4 14. Rb1 Nb3 15. Nxc4
Nxc1 16. Rxc1 Rc8 17. Ne5 Qd6 18. Qd3 Rfd8 19. g4 Ne8 20. g5 f6 21. gxf6 Nxf6
22. Kh1 Qb4 23. Qe2 Qd6 24. Rg1 Bf8 25. Bh5 Rc7 26. Qf3 Bc8 27. f5 Nxh5 28.
Qxh5 Re7 29. Rg6 Qb4 30. Rg2 Qd6 31. Ng4 g6 32. fxg6 hxg6 33. Qh4 Bxg4 34. Rxg4
Re6 35. Rf1 Rd7 36. Rg5 Be7 37. Qh6 Bxg5 38. Qxg5 Rh7 39. Rf2 Rh5 40. Qg1 Rxe3
41. Qf1 Reh3 42. Qe2 Kg7 43. Nd1 R5h4 44. Qe5+ Qxe5 45. dxe5 Re4 46. Nc3 Rxe5
47. Ne2 Rh4 48. b3 Rb4 49. Rg2 Rxb3 50. Ng1 Re1 51. h4 Rh3+ 52. Rh2 Rxh2+ 53.
Kxh2 Rxg1 54. h5 Rg5 0-1

[Event "Politiken Cup 2011"]
[Site "Helsingor"]
[Date "2011.08.02"]
[Round "5.119"]
[White "Simonsen, Per"]
[Black "Hoel, Jorgen"]
[Result "0-1"]
[WhiteElo "1912"]
[BlackElo "1851"]
[PlyCount "50"]
[EventDate "2011.??.??"]
[BlackTeam "Bergen"]

1. d4 Nf6 2. c4 e6 3. Nc3 Bb4 4. Bg5 O-O 5. Qc2 d6 6. Nf3 Nbd7 7. O-O-O Bxc3 8.
bxc3 d5 9. e3 c6 10. Bd3 h6 11. h4 Qa5 12. Kb2 dxc4 13. Bxc4 c5 14. Ne5 Nd5 15.
Bf4 Nxf4 16. exf4 Nb6 17. d5 Na4+ 18. Kb3 b5 19. Be2 c4+ 20. Ka3 Nxc3+ 21. Kb2
Nxd1+ 22. Rxd1 exd5 23. Rxd5 Be6 24. Nc6 Qc7 25. Rc5 Qd6 0-1

[Event "Politiken Cup 2011"]
[Site "Helsingor"]
[Date "2011.08.02"]
[Round "5.123"]
[White "Jacobsen, Caroline Beer"]
[Black "Maagaard, David Bille"]
[Result "0-1"]
[WhiteElo "1586"]
[BlackElo "1906"]
[PlyCount "90"]
[EventDate "2011.??.??"]
[WhiteTeam "Stavanger"]
[BlackTeam "Randers"]

1. e4 Nc6 2. Nf3 e5 3. Bb5 a6 4. Ba4 Nf6 5. O-O Bc5 6. Re1 O-O 7. c3 b5 8. Bc2
d6 9. d4 Bb6 10. Qd3 Bg4 11. Nbd2 Qd7 12. a4 Rad8 13. d5 Ne7 14. c4 Bh5 15. Qc3
c6 16. b3 cxd5 17. cxd5 Qa7 18. Re2 Rc8 19. Qd3 Ng4 20. Kf1 Nxf2 21. Rxf2 Bxf2
22. Bd1 Ng6 23. g3 Be3 24. Kg2 Rc7 25. h3 Rfc8 26. Bb2 h6 27. Nf1 Bxf3+ 28.
Kxf3 Bd4 29. Bxd4 exd4 30. Qd2 Rc3+ 31. Kg2 Ne5 32. Ra2 Rd3 33. Qe2 Qc5 34. Rc2
Rc3 35. Rxc3 Qxc3 36. g4 Qc1 37. Ng3 d3 38. Qf1 Qd2+ 39. Kg1 Rc1 40. Qf2 Rxd1+
41. Kg2 Qe1 42. Nf1 d2 43. Kg1 Qxf1+ 44. Qxf1 Rxf1+ 45. Kxf1 d1=Q+ 0-1

[Event "Politiken Cup 2011"]
[Site "Helsingor"]
[Date "2011.08.02"]
[Round "5.113"]
[White "Nielsen, Preben"]
[Black "Rasmussen, Jonas H"]
[Result "1-0"]
[WhiteElo "1904"]
[BlackElo "1598"]
[PlyCount "139"]
[EventDate "2011.??.??"]
[WhiteTeam "Helsingør"]
[BlackTeam "Bergen"]

1. d4 Nf6 2. c4 e6 3. Nc3 Bb4 4. Qb3 Bxc3+ 5. Qxc3 O-O 6. Bg5 d6 7. f3 Nbd7 8.
Qc2 c5 9. dxc5 Qa5+ 10. Bd2 Qxc5 11. b4 Qc7 12. Rc1 h6 13. Nh3 e5 14. Nf2 b6
15. g4 Nh7 16. Ne4 Ndf6 17. Ng3 Bb7 18. Rg1 Rac8 19. Qb1 Rfe8 20. e4 Ng5 21.
Bg2 Ne6 22. Nf5 Nf4 23. Bf1 Nh7 24. h4 f6 25. Kf2 Nf8 26. g5 hxg5 27. hxg5 fxg5
28. Rxg5 N8e6 29. Rg3 Rf8 30. Bxf4 exf4 31. Rg4 Rf6 32. Qb2 Rcf8 33. Bd3 g5 34.
Rh1 b5 35. Qb3 Qd7 36. cxb5 d5 37. Qb2 dxe4 38. Bxe4 Bxe4 39. fxe4 Qd3 40. Qe2
Qc3 41. Ne7+ Kg7 42. Nd5 Qd4+ 43. Kf3 Qxd5 44. exd5 Nd4+ 45. Kf2 Nxe2 46. Rxg5+
Rg6 47. Rxg6+ Kxg6 48. Kxe2 Rb8 49. a4 a6 50. Rc1 axb5 51. a5 Kf5 52. Kf3 Rh8
53. d6 Rh3+ 54. Kg2 Kg4 55. Rd1 f3+ 56. Kf2 Rh2+ 57. Ke3 Re2+ 58. Kd4 f2 59.
Rf1 Kg3 60. Kc5 Re1 61. Rxf2 Kxf2 62. Kxb5 Ke3 63. d7 Rd1 64. Kc6 Ke4 65. Kc7
Rc1+ 66. Kd6 Rc2 67. d8=Q Rd2+ 68. Kc7 Rxd8 69. Kxd8 Kd5 70. Kc7 1-0

[Event "Politiken Cup 2011"]
[Site "Helsingor"]
[Date "2011.08.02"]
[Round "5.114"]
[White "Rasmussen, Morten"]
[Black "Skovle, Lars"]
[Result "1-0"]
[WhiteElo "1889"]
[BlackElo "1656"]
[PlyCount "45"]
[EventDate "2011.??.??"]
[WhiteTeam "Enkeltmedlem"]
[BlackTeam "Helsinge"]

1. d4 f5 2. Nf3 Nf6 3. g3 g6 4. c4 Bg7 5. Bg2 O-O 6. O-O d6 7. Nc3 c6 8. Qc2
Nbd7 9. Rd1 Qe8 10. d5 cxd5 11. cxd5 Nc5 12. b4 Nce4 13. Bb2 Bd7 14. Nxe4 fxe4
15. Ng5 Rc8 16. Qd2 e3 17. Qxe3 Ng4 18. Qd2 Nxf2 19. Bxg7 Nxd1 20. Bxf8 Qxf8
21. Rxd1 Bf5 22. Rf1 Qd8 23. e4 1-0

[Event "Politiken Cup 2011"]
[Site "Helsingor"]
[Date "2011.08.02"]
[Round "5.125"]
[White "Haukenes, Alise"]
[Black "Moller, Arne"]
[Result "1-0"]
[WhiteElo "1595"]
[BlackElo "1881"]
[PlyCount "135"]
[EventDate "2011.??.??"]
[WhiteTeam "Hamar"]
[BlackTeam "Amager"]

1. d4 Nf6 2. c4 e6 3. Nf3 c5 4. Bf4 Qa5+ 5. Qd2 Qxd2+ 6. Nbxd2 cxd4 7. Nxd4 a6
8. h3 d6 9. Bh2 e5 10. N4b3 Nc6 11. a3 Be6 12. e3 Rd8 13. Be2 Be7 14. O-O O-O
15. Rac1 h6 16. Rfd1 Ne8 17. Na1 a5 18. Ne4 Nc7 19. Nc3 f5 20. Nd5 Na6 21. Nc2
Nc5 22. b4 Nd7 23. Nxe7+ Nxe7 24. Rxd6 Kf7 25. Rcd1 Nc8 26. R6d2 Ke7 27. c5 g5
28. Ne1 Bb3 29. Rc1 Rf6 30. Bb5 f4 31. exf4 gxf4 32. Rc3 Be6 33. c6 bxc6 34.
Bxc6 axb4 35. axb4 Ncb6 36. b5 Rg8 37. Kh1 Rfg6 38. h4 Rg4 39. g3 Nf6 40. Bf3
R4g7 41. Rc7+ Nfd7 42. Nd3 Kf6 43. gxf4 Nd5 44. fxe5+ Kf5 45. Rc1 Rb8 46. Nc5
Nxc5 47. Rxc5 Nf4 48. Bxf4 Kxf4 49. Bc6 Rbg8 50. Rb2 Kf5 51. b6 Rg4 52. f3
Rxh4+ 53. Rh2 Rb4 54. Be4+ Kf4 55. b7 Rd8 56. Rc1 Kxe5 57. Rxh6 Rb2 58. Rh2 Rb6
59. Rc5+ Kf4 60. Rc1 Rg8 61. Rg1 Rd8 62. Rh4+ Ke3 63. Rh6 Rb2 64. Rg2 Rb6 65.
Kh2 Kf4 66. Rg4+ Ke3 67. Kg3 Rbd6 68. Rgg6 1-0

[Event "Politiken Cup 2011"]
[Site "Helsingor"]
[Date "2011.08.02"]
[Round "5.115"]
[White "Svane, Frederik"]
[Black "Nordin, Eric"]
[Result "0-1"]
[WhiteElo "1699"]
[BlackElo "1876"]
[PlyCount "64"]
[EventDate "2011.??.??"]
[WhiteTeam "Lübecker Schackverein"]
[BlackTeam "Helsingborgs SS"]

1. e4 d6 2. d4 Nf6 3. Nc3 g6 4. f4 Bg7 5. Nf3 c5 6. Bb5+ Bd7 7. e5 Ng4 8. Ng5
Bxb5 9. Nxb5 Qa5+ 10. Nc3 cxd4 11. Qxg4 O-O 12. Bd2 dxc3 13. Bxc3 Qc5 14. O-O-O
Nc6 15. Rd3 dxe5 16. f5 h6 17. Ne4 h5 18. fxg6 Qe3+ 19. Rxe3 hxg4 20. gxf7+
Rxf7 21. Kb1 Raf8 22. Rhe1 Rf1 23. a3 Nd4 24. b3 Nb5 25. Bb2 Bh6 26. R3e2 Nd4
27. Bxd4 exd4 28. Kb2 Be3 29. Nc5 Rxe1 30. Rxe1 Rf2 31. Rh1 Rxg2 32. Nxb7 d3
0-1

[Event "Politiken Cup 2011"]
[Site "Helsingor"]
[Date "2011.08.02"]
[Round "5.145"]
[White "Dyrhaug, Erling Skjolas"]
[Black "Frederiksen, Jens"]
[Result "0-1"]
[WhiteElo "1000"]
[BlackElo "1876"]
[PlyCount "88"]
[EventDate "2011.??.??"]
[WhiteTeam "Stavanger"]
[BlackTeam "Caissa Woluwè"]

1. e4 e5 2. Nf3 Nc6 3. Bc4 Nf6 4. Ng5 d5 5. exd5 Na5 6. Bb5+ c6 7. dxc6 bxc6 8.
Qf3 Be7 9. Bxc6+ Nxc6 10. Qxc6+ Bd7 11. Qc4 O-O 12. Nc3 Ng4 13. Nf3 Rc8 14. Qe2
e4 15. Nxe4 f5 16. Nc3 Bd6 17. O-O Bc6 18. h3 Bxf3 19. gxf3 Re8 20. Qd3 Nxf2
21. Qxf5 Re5 22. Qxe5 Nxh3+ 23. Kg2 Bxe5 24. Kxh3 Rc6 25. d3 Qd7+ 26. Kg2 Rg6+
27. Kf2 Qh3 28. Ne4 Rg2+ 29. Ke1 Qh4+ 30. Kd1 Qh2 31. c3 Re2 32. d4 Qg2 33. Re1
Rxe1+ 34. Kxe1 Bh2 35. Ng5 h6 36. Ne6 Qxf3 37. Bf4 Bxf4 38. Nxf4 Qh1+ 39. Ke2
Qxa1 40. Ke3 Qxb2 41. Ke4 Qxc3 42. Kd5 h5 43. Ne6 h4 44. Kd6 h3 0-1